रघुनाथ सिंह सम्याल / (Record no. 120239)

MARC details
000 -LEADER
fixed length control field 01311nam a22002777a 4500
005 - DATE AND TIME OF LATEST TRANSACTION
control field 20170124103155.0
010 ## - LIBRARY OF CONGRESS CONTROL NUMBER
LC control number A-777118
020 ## - INTERNATIONAL STANDARD BOOK NUMBER
Terms of availability 10.00
035 ## - SYSTEM CONTROL NUMBER
System control number A-777118
037 ## - SOURCE OF ACQUISITION
Source of stock number/acquisition Cen Lib/Ret
040 ## - CATALOGING SOURCE
Original cataloging agency DPL
Language of cataloging HN
082 ## - DEWEY DECIMAL CLASSIFICATION NUMBER
Classification number 891.499108
Item number सम्याल
100 ## - MAIN ENTRY--PERSONAL NAME
Personal name शर्मा, चम्पा
9 (RLIN) 112963
245 ## - TITLE STATEMENT
Title रघुनाथ सिंह सम्याल /
Statement of responsibility, etc चम्पा शर्मा
246 ## - VARYING FORM OF TITLE
Title proper/short title Raghunath Singh Samyal /
Remainder of title by Champa Sharma
260 ## - PUBLICATION, DISTRIBUTION, ETC. (IMPRINT)
Place of publication, distribution, etc नयी दिल्ली
Name of publisher, distributor, etc साहित्य अकादेमी
Date of publication, distribution, etc 1991
270 ## - ADDRESS
Address रविन्द्र भवन , 35 फ़ीरोज़शाह मार्ग
City नयी दिल्ली
Postal code 110001
300 ## - PHYSICAL DESCRIPTION
Extent 92पृ.
Dimensions 21सेमी(सजिल्द)
490 ## - SERIES STATEMENT
Series statement भारतीय साहित्य के निर्माता
500 ## - GENERAL NOTE
General note अनुक्रमणिका शामिल
650 ## - SUBJECT ADDED ENTRY--TOPICAL TERM
Topical term or geographic name as entry element रघुनाथ सिंह सम्याल--समाज सुधारक
9 (RLIN) 89300
650 ## - SUBJECT ADDED ENTRY--TOPICAL TERM
Topical term or geographic name as entry element काव्य--कला और सर्जना
9 (RLIN) 89301
650 ## - SUBJECT ADDED ENTRY--TOPICAL TERM
Topical term or geographic name as entry element Raghunath Singh Samyal--Social reformer
9 (RLIN) 89302
650 ## - SUBJECT ADDED ENTRY--TOPICAL TERM
Topical term or geographic name as entry element Poetry--Art and creativity
9 (RLIN) 83141
942 ## - ADDED ENTRY ELEMENTS (KOHA)
Source of classification or shelving scheme Dewey Decimal Classification
Koha item type Hindi Books
Classification part 891.499108
Call number suffix सम्याल
Holdings
Withdrawn status Lost status Damaged status Not for loan Home library Current library Date acquired Source of acquisition Cost, normal purchase price Total Checkouts Full call number Barcode Date last seen Copy number Cost, replacement price Price effective from Koha item type
        Central Library Central Library 21/09/2015 Cen Lib/Ret 10.00   891.499108 सम्याल A-777118 21/09/2015 1 10.00 15/09/2016 Hindi Books

© Delhi Public Library
Hit Counter
free hit counter